000 00684nam a2200253 a 4500
999 _c11917
_d11917
001 11917
003 BD-JhCC
005 20211113134021.0
008 201129s2008 ii a 000 0 eng
020 _a9789381753361
035 _a(BD-JhCC)11917
040 _cDLC
_dDLC
_aBD-JhCC
041 _aeng
082 0 0 _222
_a303.34
_bMAX 2008
100 1 _aMaxwell, John C.
_d1947
245 1 4 _aThe 21 Irrefutable Laws Of Leadership /
_c John C. Maxwell.
260 _aNew Delhi:
_bMG books;
_c2008.
300 _a223 p. :
_c22 cm.
500 _aIncludes index.
600 _aJohn C. Maxwell
650 0 _aLeadership
_zIndustrial management
942 _2ddc
_cBK
_04